[Event "WCh-Women"]
[Site "Nalchik RUS"]
[Date "2008.09.02"]
[Round "2.2"]
[White "Muzychuk,A"]
[Black "Harika,D"]
[Result "1/2-1/2"]
[WhiteElo "2504"]
[BlackElo "2461"]

1.e4 c5 2.Nf3 d6 3.Bb5+ Bd7 4.Bxd7+ Qxd7 5.c4 Nf6 6.Nc3 g6 7.d4 cxd4 8.Nxd4 Bg7
9.h3 O-O 10.Be3 Nc6 11.O-O a6 12.Rc1 Rac8 13.b3 b5 14.cxb5 Nxd4 15.Bxd4 axb5
16.Bxf6 Bxf6 17.Nd5 Rxc1 18.Nxf6+ exf6 19.Qxc1 Ra8 20.Qb2 Qe6 21.Rc1 Kg7
22.Qc2 d5 23.exd5 Qxd5 24.Rd1 Qe5 25.h4 h5 26.g3 Ra7 27.Kg2 Rc7 28.Qd3 Rc3
29.Qd4 Rc2 30.Rd2 Qxd4 31.Rxd4 Rxa2 32.Rd5 b4 33.Rb5 Rc2 34.Rxb4 Rc3 35.Kf1 Rc2
36.Rb5 Kh6 37.Rb7 Kg7 38.Rb6 Rd2 39.Rb4 Rc2 40.Rc4 Rb2 41.Rc3 g5 42.Kg2 g4
43.Kf1 Kg6 44.Ke1 f5 45.Rc6+ f6 46.Rb6 f4 47.gxf4 Kf5 48.Kf1 g3 49.fxg3 Kg4
50.Rxf6 Kxg3 51.f5 Rxb3 52.Rg6+ Kf3 53.Ke1 Rb4 54.f6 Re4+ 55.Kf1 Rxh4 56.Rg2 Ra4
57.Rf2+ Kg3 58.Rg2+ Kf3 59.Kg1 Ra8 60.Rg5 Rf8 61.Rxh5 Rxf6  1/2-1/2

[Event "17th CRO-chT 1w"]
[Site "Sibenik CRO"]
[Date "2008.09.02"]
[Round "6"]
[White "Bazaj Bockai,S"]
[Black "Jelica,M"]
[Result "0-1"]
[WhiteElo "2103"]
[BlackElo "2205"]

1.e4 c5 2.Nf3 d6 3.Bb5+ Bd7 4.Bxd7+ Qxd7 5.O-O Nc6 6.c3 Nf6 7.Re1 e6 8.d4 Be7
9.Nbd2 O-O 10.e5 dxe5 11.dxe5 Nd5 12.Ne4 Qc7 13.Ng3 b5 14.Qe2 c4 15.Qe4 Rae8
16.Bg5 Bc5 17.Nh5 f5 18.exf6 gxf6 19.Bh6 f5 20.Qh4 Qf7 21.Ng5 Qg6 22.Ng7 e5
23.Nxe8 Rxe8 24.Rad1 Nf6 25.Nf3 Ng4 26.Be3 Be7 27.Qh3 f4 28.Bc1 Bc5 29.Re2 Nxf2
30.Rxf2 Qc2 31.Rf1 Bxf2+ 32.Rxf2 Qxc1+ 33.Rf1 Qe3+ 34.Kh1 Qd3 35.Re1 Qg6
36.Nh4 Qe6 37.Nf5 Kh8 38.Qh5 Rd8 39.h3 Qg6 40.Qf3 a6 41.g4 Rd3 42.Qg2 Qe6
43.Nd4 Nxd4 44.cxd4 Rxd4 45.Qa8+ Kg7 46.Kg1 Qb6 47.Kf1 Rd2 48.Qf3 Qd4 49.Qb7+ Qd7
50.Qxd7+ Rxd7 51.Rxe5 Rd2 52.Re7+ Kg6 53.Re6+ Kg5 54.Rxa6 Rxb2 55.Ra7 h6
56.Rf7 c3 57.Ke1 Rb1+ 58.Ke2 c2  0-1

[Event "XVI Open"]
[Site "Albacete ESP"]
[Date "2008.09.03"]
[Round "4"]
[White "Espinosa Aranda,A"]
[Black "Babaev,Ra"]
[Result "1-0"]
[WhiteElo "2313"]
[BlackElo "2484"]

1.e4 c5 2.Nf3 d6 3.Bb5+ Nd7 4.O-O Nf6 5.Re1 a6 6.Bxd7+ Nxd7 7.c3 e6 8.d4 Be7
9.Bf4 b6 10.Nbd2 cxd4 11.cxd4 g5 12.Nxg5 Bxg5 13.Bxd6 Be7 14.Bg3 Nf8 15.Nc4 Ng6
16.d5 O-O 17.d6 Bf6 18.e5 Bh4 19.Qd4 Rb8 20.Ne3 f5 21.f4 Rf7 22.Rac1 Nf8
23.Bxh4 Qxh4 24.g3 Qh5 25.Qd1 Qxd1 26.Rexd1 Bb7 27.Rc3 h5 28.Rdc1 Nd7 29.Rc7 Be4
30.Rc8+ Rxc8 31.Rxc8+ Kg7 32.Re8 Nf8 33.Nc4 Rb7 34.Re7+ Kg6 35.Rxb7 Bxb7
36.Nxb6 Kf7 37.Kf2 Ke8 38.Ke3 Nd7 39.Na4 Bc6 40.Nc3 Kd8 41.Kd4 Kc8 42.b3 Kb7
43.Nd1 Kb6 44.Ne3 Bf3 45.Nc4+ Kb5 46.Na3+ Kc6 47.Nc4 Be4 48.Nd2 Bd5 49.Nb1 Nb6
50.Nd2 Bg2 51.Nb1 Nd5 52.a3 Nb6 53.Nd2 Bd5 54.Kc3 Nd7 55.Nf1 Nc5 56.b4 Na4+
57.Kd4 Nb6 58.Ne3 Bf3 59.Kd3 Kb5 60.Kd4 Be2 61.Kc3 Kc6 62.Kd4 Bb5 63.Nd1 Nc4
64.Kc3 Kd5 65.Nf2 Nxa3 66.Nd3 Nc4 67.Nc5 Nb6 68.Kd2 Nd7 69.Nb7 Kc4 70.h3 Nf8
71.Nd8 Kxb4 72.g4 fxg4 73.hxg4 hxg4 74.f5 Bd7  1-0

[Event "USCL 2008"]
[Site "ICC INT"]
[Date "2008.09.03"]
[Round "2"]
[White "Christiansen,L"]
[Black "Milman,L"]
[Result "1/2-1/2"]
[WhiteElo "2577"]
[BlackElo "2488"]

1.e4 c5 2.Nf3 d6 3.Bb5+ Bd7 4.Bxd7+ Qxd7 5.O-O Nf6 6.e5 dxe5 7.Nxe5 Qc8 8.Nc3 Nc6
9.f4 e6 10.b3 Bd6 11.Bb2 O-O 12.Nb5 Be7 13.Qf3 Rd8 14.Rad1 Nd4 15.Nxd4 cxd4
16.c4 a5 17.a4 Qc7 18.Rde1 Nd7 19.Bxd4 Bc5 20.Bxc5 Nxc5 21.Qe3 f6 22.d4 Nxb3
23.Qxb3 fxe5 24.dxe5 Rd4 25.c5 Re8 26.Rc1 Qc6 27.f5 Rb4 28.Qd3 Qd5 29.Qxd5 exd5
30.e6 Rxa4 31.Rfd1 g6 32.Rb1 Rb4 33.Rxb4 axb4 34.Rxd5 gxf5 35.Rd4 Rxe6 36.Rxb4 Re7
37.Kf2 Kf7 38.Kf3 Ke6 39.Kf4 Kd5 40.Kxf5 Rf7+ 41.Kg5 Kxc5 42.Rb1 b5 43.g4 b4
44.Kh6 Kc4 45.g5 Rf4 46.Kxh7 Rh4+ 47.Kg8 Rxh2 48.g6 b3 49.g7 b2 50.Kf7 Rf2+
51.Ke7 Rg2 52.g8=Q+ Rxg8 53.Rxb2 Kc3  1/2-1/2

[Event "61st ch-RUS HL"]
[Site "Novokuznetsk RUS"]
[Date "2008.09.03"]
[Round "1"]
[White "Malakhov,V"]
[Black "Shomoev,A"]
[Result "1-0"]
[WhiteElo "2689"]
[BlackElo "2566"]

1.e4 c5 2.Nf3 d6 3.Bb5+ Bd7 4.Bxd7+ Qxd7 5.c4 Nf6 6.Nc3 g6 7.d4 cxd4 8.Nxd4 Bg7
9.h3 O-O 10.Be3 Qc7 11.b3 Qa5 12.Qd2 Nc6 13.Rd1 Rfc8 14.O-O a6 15.a4 Qb4
16.Qc2 b5 17.Nxc6 Rxc6 18.axb5 axb5 19.c5 Rac8 20.Nd5 Nxd5 21.exd5 Rxc5 22.Bxc5 Rxc5
23.Qa2 Be5 24.Qb1 h5 25.Rd3 h4 26.Qd1 Rc3 27.Rxc3 Qxc3 28.Qf3 Qb4 29.Qe3 Kg7
30.Rc1 Bb2 31.Rc8 Be5 32.Rc2 Bf6 33.Kf1 Be5 34.Rc7 Bf6 35.Ra7 Kh7 36.Ke2 Kg7
37.Ra8 Be5 38.Ra7 Bf6 39.Rb7 Qa5 40.Qd3 b4 41.Kf3 Qa3 42.Qc2 Qa8 43.Rb5 Bc3
44.Qd3 e5 45.g4 hxg3 46.Kxg3 Qd8 47.Rb7 Qg5+ 48.Kh2 Qf4+ 49.Kg2 e4 50.Qe3 Qe5
51.Rb5 Bd4 52.Qg3 Qf5 53.Rb8 Bf6 54.Rxb4 Qxd5 55.Qe3 Qc6 56.Qxe4 d5 57.Qf3 Qd6
58.Rf4 Qe5 59.h4 Qe6 60.Rxf6 Qxf6 61.Qxf6+ Kxf6 62.Kf3 Ke5 63.Ke3 d4+ 64.Kd3 Kd5
65.b4 Ke5 66.b5  1-0

[Event "TCh-SRB 1st League"]
[Site "Subotica SRB"]
[Date "2008.09.03"]
[Round "3"]
[White "Lajthajm,B"]
[Black "Popovic,Pe"]
[Result "1/2-1/2"]
[WhiteElo "2513"]
[BlackElo "2478"]

1.e4 c5 2.Nf3 d6 3.Bb5+ Bd7 4.Bxd7+ Qxd7 5.O-O Nf6 6.Re1 Nc6 7.d3 e6 8.Bg5 Be7
9.c3 O-O 10.Nbd2 Rac8 11.a4 Rfd8 12.Bxf6 Bxf6 13.Nf1 g6 14.Ne3 Bg7 15.Qb3 Qc7
16.Qa2 b6 17.Rad1 Re8 18.g3 a6 19.h4 b5 20.axb5 axb5 21.d4 cxd4 22.cxd4 Qa5
23.Qb1 Nb4  1/2-1/2

[Event "Masters"]
[Site "Trieste ITA"]
[Date "2008.09.03"]
[Round "5"]
[White "Mogranzini,R"]
[Black "Raykhman,A"]
[Result "1/2-1/2"]
[WhiteElo "2423"]
[BlackElo "2267"]

1.e4 c5 2.Nf3 d6 3.Bb5+ Bd7 4.Bxd7+ Qxd7 5.O-O Nc6 6.Re1 Nf6 7.c3 e6 8.d3 Be7
9.Bf4 O-O 10.a4 a6 11.Nbd2 b5 12.h3 Qb7 13.Qb3 d5 14.Bg5 Na5 15.Qc2 h6 16.Bh4 Nc6
17.Nf1 b4 18.Ne3 Rfd8 19.Rad1 Rab8 20.Bg3 Rbc8 21.Qb1 bxc3 22.e5 c2 23.Qxc2 Nd4
24.Nxd4 cxd4 25.exf6 Bxf6 26.Nc4 dxc4 27.dxc4 d3 28.Rxd3 Rxd3 29.Qxd3 Qxb2
30.Qd7 Rxc4 31.Qe8+ Kh7 32.Qxf7 Rxa4 33.Qxe6 Ra1  1/2-1/2

[Event "2nd Circuit Europe-Echecs"]
[Site "Chalons FRA"]
[Date "2008.09.04"]
[Round "1"]
[White "Vachier Lagrave,M"]
[Black "Guilleux,F"]
[Result "1-0"]
[WhiteElo "2681"]
[BlackElo "2397"]

1.e4 c5 2.Nf3 d6 3.Bb5+ Bd7 4.Bxd7+ Qxd7 5.O-O Nf6 6.Re1 Nc6 7.b3 e6 8.Bb2 Be7
9.d4 cxd4 10.Nxd4 O-O 11.c4 a6 12.Nc3 b5 13.cxb5 Nxd4 14.Qxd4 axb5 15.e5 dxe5
16.Qxd7 Nxd7 17.Nxb5 Rfb8 18.a4 Rc8 19.Rad1 Nc5 20.Ba3 Kf8 21.Nd6 Rc6 22.Bxc5 Rxc5
23.Nc4 f6 24.Nb6  1-0

[Event "2nd Circuit Europe-Echecs"]
[Site "Chalons FRA"]
[Date "2008.09.04"]
[Round "1"]
[White "Edouard,R"]
[Black "Cossin,S"]
[Result "1-0"]
[WhiteElo "2508"]
[BlackElo "2466"]

1.e4 c5 2.Nf3 d6 3.Bb5+ Bd7 4.Bxd7+ Qxd7 5.O-O Nf6 6.Re1 Nc6 7.h3 e6 8.b3 Be7
9.Bb2 O-O 10.c4 Ne8 11.Na3 e5 12.Nb5 f5 13.Nc3 Nc7 14.d3 Ne6 15.Nd5 Bd8 16.a3 g6
17.b4 b6 18.b5 Ne7 19.Nxe7+ Bxe7 20.Nd2 Rf7 21.a4 Raf8 22.a5 Nf4 23.Re3 Bg5
24.Rf3 Ne6 25.axb6 axb6 26.Ra6 Bxd2 27.Qxd2 fxe4 28.Rxf7 Qxf7 29.dxe4 Nd4
30.Bxd4 cxd4 31.Rxb6 Qxc4 32.Rxd6 Qxb5 33.Qa2+ Kh8 34.Kh2 Qf1 35.f3 Qc1 36.Qe6 Qf4+
37.Kh1 Qc1+ 38.Kh2 Qf4+ 39.Kg1  1-0

[Event "LXXII ch-CRC Fase 2"]
[Site "San Jose CRC"]
[Date "2008.09.04"]
[Round "9"]
[White "Gonzalez,Be CRC"]
[Black "Vives,D"]
[Result "1-0"]
[WhiteElo "2423"]
[BlackElo "2061"]

1.e4 c5 2.Nf3 d6 3.Bb5+ Bd7 4.Bxd7+ Qxd7 5.O-O g6 6.c3 Bg7 7.d4 Nf6 8.e5 Nd5
9.Qb3 Nb6 10.exd6 Qxd6 11.dxc5 Qxc5 12.Be3 Qc7 13.Na3 N8d7 14.Nb5 Qb8 15.Rfd1 a6
16.Bxb6 Nxb6 17.Nd6+ exd6 18.Qxb6 O-O 19.Rxd6 Qe8 20.Re1 Qa4 21.Qb3 Qf4 22.Rd7 b5
23.Qd5 b4 24.g3 Qf6 25.cxb4 Rad8 26.Ne5 Rde8 27.f4 Qf5 28.Qd3 Qh5 29.Rd5 Qh3
30.Qxa6 g5 31.fxg5 Qf5 32.Qd3 Qxg5 33.Nf3 Rxe1+ 34.Nxe1 Qe7 35.Kf1 Re8 36.Nf3 Qe3
37.Qxe3 Rxe3 38.Rd8+ Bf8 39.Kf2 Re4 40.a3 Rc4 41.Nd4 Kg7 42.Ke3 Rc1 43.Nf5+ Kg8
44.Kd2 Rf1 45.g4 Rf2+ 46.Kc3 Rxh2 47.b5  1-0

[Event "3rd XtraCon EMT"]
[Site "Borup DEN"]
[Date "2008.09.05"]
[Round "1"]
[White "Eriksson,C"]
[Black "Kulaots,K"]
[Result "0-1"]
[WhiteElo "2127"]
[BlackElo "2531"]

1.e4 c5 2.Nf3 d6 3.Bb5+ Nc6 4.d4 cxd4 5.Qxd4 Bd7 6.Bxc6 Bxc6 7.Nc3 Nf6 8.Bg5 e6
9.O-O-O Be7 10.Kb1 O-O 11.Rhe1 Qa5 12.Qd2 Qa6 13.Nd4 Rfc8 14.f3 Be8 15.f4 h6
16.Bxf6 Bxf6 17.e5 dxe5 18.fxe5 Be7 19.Ne4 Rd8 20.Re3 Bc6 21.Rc1 Bd5 22.b3 Bxe4
23.Rxe4 Qb6 24.Rd1 Rd5 25.Rg4 Bg5 26.Qe2 Rad8 27.Qe4 f5 28.exf6 Bxf6 29.c3 e5
30.Rf1 exd4 31.Rg6 R5d6 32.Qg4 dxc3 33.Rfxf6 Rd1+ 34.Kc2 R1d2+ 35.Kxc3 Qe3+  0-1

[Event "2nd Circuit Europe-Echecs"]
[Site "Chalons FRA"]
[Date "2008.09.05"]
[Round "9"]
[White "Edouard,R"]
[Black "Guilleux,F"]
[Result "1-0"]
[WhiteElo "2508"]
[BlackElo "2397"]

1.e4 c5 2.Nf3 d6 3.Bb5+ Bd7 4.Bxd7+ Qxd7 5.O-O Nf6 6.Re1 Nc6 7.c3 e6 8.d4 cxd4
9.cxd4 d5 10.e5 Ne4 11.Nbd2 Nxd2 12.Bxd2 Be7 13.Rc1 O-O 14.Rc3 f5 15.exf6 Bxf6
16.Bf4 Rae8 17.Bg3 Rf7 18.a3 Qd8 19.Rce3 Qb6 20.Rb3 Qa6 21.Ne5 Bxe5 22.Bxe5 Nxe5
23.Rxe5 Ref8 24.Re2 Rf4 25.g3 R4f6 26.Rbe3 Qd6 27.Qb3 b6 28.Qa4 Qe7 29.Qc6 Re8
30.Qxd5 exd5 31.Rxe7 Rxe7 32.Rxe7 Rc6 33.Rxa7 Rc4 34.Rb7 Rxd4 35.Rxb6 Rd1+
36.Kg2 Kf7 37.a4 d4 38.Kf3 d3 39.Ke3 d2 40.b3 Rf1 41.Kxd2 Rxf2+ 42.Ke3 Rxh2
43.a5 Ra2 44.a6 h5 45.Kf4 g6 46.Kg5 Ra5+ 47.Kh6 h4 48.g4 h3 49.g5 h2 50.Rf6+ Ke7
51.Rf1 Rxa6 52.Rh1 Rb6 53.Rxh2 Rxb3 54.Kxg6 Rb6+ 55.Kh7 Kf7 56.Rf2+ Ke8 57.g6  1-0

[Event "2nd Circuit Europe-Echecs"]
[Site "Chalons FRA"]
[Date "2008.09.05"]
[Round "11"]
[White "Edouard,R"]
[Black "Vachier Lagrave,M"]
[Result "0-1"]
[WhiteElo "2508"]
[BlackElo "2681"]

1.e4 c5 2.Nf3 d6 3.Bb5+ Nc6 4.O-O Bd7 5.Re1 Nf6 6.h3 Ne5 7.Be2 e6 8.c3 Nxe4
9.d4 Nxf3+ 10.Bxf3 d5 11.Bxe4 dxe4 12.Rxe4 Bc6 13.Rg4 h5 14.Rg3 g6 15.Bg5 Be7
16.Bxe7 Qxe7 17.Na3 O-O-O 18.Nc4 h4 19.Rd3 Qg5 20.Ne3 cxd4 21.cxd4 Kb8 22.Rc1 Rc8
23.Rc5 Qe7 24.Qg4 b6 25.Rc1 Bb7 26.Rdc3 g5 27.f4 Rxc3 28.Rxc3 Rg8 29.f5 Qd6
30.fxe6 fxe6 31.Nc4 Qf4 32.Qxe6 Qxd4+ 33.Qe3 Rd8 34.Kh2 Qf4+ 35.Qxf4+ gxf4
36.Rc2 f3 37.gxf3 Bxf3 38.Ne5 Bb7 39.Ng6 Rd4 40.Rf2 a5 41.Rf8+ Ka7 42.Rf2 Ka6
43.Re2 a4 44.Ne5 b5 45.Kg1 Rd1+ 46.Kf2 Rh1 47.Nd3 Rxh3 48.Re6+ Ka5 49.Nc5 Bd5
50.Rd6 Bxa2 51.Ke2 Bc4+ 52.Kd2 Kb4 53.Ne4 Kb3 54.Nf2 Rh2 55.Ke3 Rxf2 56.Kxf2 Kxb2
57.Rd2+ Kc3 58.Ke1 a3 59.Kd1 a2 60.Rc2+ Kd4 61.Rc1 h3 62.Kc2 h2 63.Rh1 Bd5
64.Rd1+ Kc5  0-1

[Event "5th LGA Premium Cup"]
[Site "Nuernberg GER"]
[Date "2008.09.05"]
[Round "2"]
[White "Balhar,M"]
[Black "Eibl,M"]
[Result "0-1"]
[WhiteElo "1823"]
[BlackElo "2061"]

1.e4 c5 2.Nf3 d6 3.Bb5+ Nd7 4.O-O Nf6 5.Nc3 a6 6.Bxd7+ Nxd7 7.d4 g6 8.Be3 Bg7
9.Qd2 O-O 10.Bh6 b5 11.Bxg7 Kxg7 12.d5 Nf6 13.Rae1 b4 14.Nd1 a5 15.e5 dxe5
16.Rxe5 Ng4 17.Re4 f5 18.Rf4 Nf6 19.c4 Ne4 20.Qc2 Qd6 21.Rxe4 fxe4 22.Qxe4 Rf4
23.Qc2 Bf5 24.Qd2 Rxc4 25.Ne3 Rf4 26.b3 Qf6 27.Nc4 Be4 28.Nfe5 Rd8 29.g3 Rf5
30.Ng4 Qd4 31.Qh6+ Kh8 32.Qh4 g5 33.Qh6 Bxd5 34.Nge3 Qe4 35.Nd2 Qg2+  0-1

[Event "TCh-ESP Hon Gp2"]
[Site "Sabadell ESP"]
[Date "2008.09.05"]
[Round "3"]
[White "Ni Hua"]
[Black "Shengelia,D"]
[Result "1-0"]
[WhiteElo "2705"]
[BlackElo "2569"]

1.e4 c5 2.Nf3 d6 3.Bb5+ Bd7 4.Bxd7+ Qxd7 5.c4 Nf6 6.Nc3 Nc6 7.d4 cxd4 8.Nxd4 Qg4
9.Qxg4 Nxg4 10.Nxc6 bxc6 11.Bf4 Rb8 12.h3 Ne5 13.Bxe5 dxe5 14.Na4 e6 15.Ke2 Kd7
16.Rhd1+ Kc7 17.Rd3 Be7 18.Rad1 Rhd8 19.Rxd8 Bxd8 20.a3 a5 21.c5 Be7 22.Kd3 f5
23.f3 Rd8+ 24.Kc2 Rb8 25.Kc3 fxe4 26.fxe4 Rf8 27.b4 axb4+ 28.axb4 Bh4 29.Nb6 Rf7
30.Kb3 Bf2 31.Rd6 Bd4 32.Nc4 Rf1 33.Na5 Rb1+ 34.Kc4 Rc1+ 35.Kd3 Rc3+ 36.Kd2 Rg3
37.Nxc6 Rxg2+ 38.Kd3 Rg3+ 39.Kc4 Rxh3 40.Nxd4 exd4 41.b5 e5 42.b6+ Kc8 43.c6 Rh6
44.Kc5 Rxd6 45.Kxd6 d3 46.c7  1-0

[Event "DMP Ekstraliga"]
[Site "Karpacz POL"]
[Date "2008.09.06"]
[Round "1"]
[White "Krupa,M"]
[Black "Worek,J"]
[Result "0-1"]
[WhiteElo "2272"]
[BlackElo "2294"]

1.e4 c5 2.Nf3 d6 3.Bb5+ Bd7 4.Bxd7+ Nxd7 5.O-O Ngf6 6.Qe2 Rc8 7.b3 g6 8.Bb2 Bg7
9.d4 cxd4 10.Bxd4 O-O 11.c4 a6 12.Nc3 b5 13.Nd2 Re8 14.Rac1 Qa5 15.a4 bxc4
16.bxc4 Nc5 17.h3 Nfxe4 18.Bxg7 Nxd2 19.Bh6 Nxf1 20.Nd5 Ne6 21.Rxf1 Qxa4
22.Nb6 Qc6 23.Nxc8 Rxc8 24.Re1 Rb8 25.Qg4 d5 26.f4 Ng7 27.Bxg7 Kxg7 28.Qg5 Qb6+
29.Kh2 dxc4 30.Qe5+ Kg8 31.Qxe7 Rd8 32.Rc1 Rc8 33.Qe5 a5 34.Rc3 Rc5 35.Qd4 Qc7
36.Re3 Qc8 37.Qf6 Qf8 38.Rc3 Rc8 39.Qa6 Qc5 40.f5 Rc6 41.Qa8+ Kg7 42.Rf3 Qe5+
43.Kg1 Rb6 44.Rf1 Rf6 45.Qc8 Qd4+ 46.Kh2 a4 47.Rf3 Qe4 48.Qd7 a3 49.Qa4 Rxf5
50.Rxf5 Qxf5 51.Qxa3 Qe5+ 52.Kg1 c3 53.Kf2 Qd4+ 54.Kf3 c2 55.Kg3 Qd2 56.Qb2+ Kh6
57.Qb8 c1=Q  0-1

[Event "5th LGA Premium Cup"]
[Site "Nuernberg GER"]
[Date "2008.09.06"]
[Round "4"]
[White "Eber,F"]
[Black "Kordts,W"]
[Result "0-1"]
[WhiteElo "1854"]
[BlackElo "2229"]

1.e4 c5 2.Nf3 d6 3.Bb5+ Nd7 4.O-O Nf6 5.Re1 a6 6.Bxd7+ Nxd7 7.c3 g6 8.d4 Bg7
9.Be3 O-O 10.Qd2 Qc7 11.Bh6 e5 12.d5 b5 13.Na3 Nb6 14.Bxg7 Kxg7 15.Nh4 Qe7
16.g3 Bh3 17.b3 Qf6 18.Qe3 g5 19.Ng2 Qg6 20.f3 h5 21.Qe2 f5 22.Rf1 Rf6 23.Rf2 fxe4
24.fxe4 Rxf2 25.Kxf2 Rf8+ 26.Kg1 Nd7 27.Re1 Nf6 28.Nb1 Ng4 29.Rf1 Rxf1+ 30.Kxf1 Nxh2+
31.Kg1 Ng4 32.Nd2 Nf6 33.a4 Bg4 34.Qd3 Bd7 35.axb5 axb5 36.Ne3 h4 37.Nf5+ Bxf5
38.exf5 Qf7 39.gxh4 gxh4 40.Ne4 Qxd5 41.Qxd5 Nxd5 42.f6+ Nxf6 43.Nxd6 Kg6
44.Nxb5 Nd5 45.c4 Nf4 46.Nd6 Nd3 47.Kg2 Kg5 48.Kf3 h3 49.Ne4+ Kh4  0-1

[Event "ch-ISL"]
[Site "Reykjavik ISL"]
[Date "2008.09.06"]
[Round "11"]
[White "Kjartansson,G"]
[Black "Gunnarsson,J"]
[Result "1/2-1/2"]
[WhiteElo "2328"]
[BlackElo "2437"]

1.e4 c5 2.Nf3 d6 3.Bb5+ Bd7 4.Bxd7+ Qxd7 5.c4 Nf6 6.Nc3 g6 7.d4 cxd4 8.Nxd4 Bg7
9.f3 O-O 10.O-O Rc8 11.b3 d5 12.exd5 Nxd5 13.Nxd5 e6 14.Be3 exd5 15.cxd5 Na6  1/2-1/2

[Event "I Liga Seniorow"]
[Site "Ustron POL"]
[Date "2008.09.06"]
[Round "1"]
[White "Korosciel,A"]
[Black "Przezdziecka,E"]
[Result "1/2-1/2"]
[WhiteElo "2067"]
[BlackElo "2096"]

1.e4 c5 2.Nf3 d6 3.Bb5+ Bd7 4.Bxd7+ Qxd7 5.c4 Nc6 6.Nc3 g6 7.d4 cxd4 8.Nxd4 Bg7
9.Be3 Nf6 10.f3 O-O 11.O-O a6 12.a4 Rfc8 13.Nde2 Qd8 14.Rb1 Nd7 15.Qd2 Nc5
16.b3 Na5 17.Qa2 Nd7 18.Rbc1 Qf8 19.Nd5 Nc6 20.Rcd1 Nce5 21.Bg5 Nc6 22.f4 h6
23.Bh4 e6 24.Ndc3 Nc5 25.Rd2 b6 26.Rfd1 Nb7 27.Bf2 b5 28.cxb5 Nb4 29.Qb2 axb5
30.Bd4 Bxd4+ 31.Nxd4 bxa4 32.bxa4 Rc4 33.Ndb5 Rac8 34.Nxd6 Nxd6 35.Rxd6 Rxc3
36.Qxb4 Kh7 37.Qb6 Rb8 38.Qd4 Rc2 39.Rb6 Rxb6 40.Qxb6 Qa3 41.Qa7 Kg7 42.f5 Qb2
43.Qd4+ Qxd4+ 44.Rxd4 exf5 45.exf5 gxf5 46.Rf4 Ra2 47.Rxf5 Rxa4 48.Kf2  1/2-1/2

[Event "FSGM September"]
[Site "Budapest HUN"]
[Date "2008.09.07"]
[Round "2"]
[White "Grafl,F"]
[Black "Szalanczy,E"]
[Result "1-0"]
[WhiteElo "2404"]
[BlackElo "2388"]

1.e4 c5 2.Nf3 d6 3.Bb5+ Nd7 4.d4 Nf6 5.O-O cxd4 6.Qxd4 e5 7.Qd3 h6 8.c4 Be7
9.Nc3 O-O 10.Bxd7 Bxd7 11.Rd1 a6 12.c5 dxc5 13.Bxh6 c4 14.Qe2 Qc7 15.Bg5 Be6
16.Nd2 b5 17.Bxf6 Bxf6 18.Nd5 Bxd5 19.exd5 g6 20.Ne4 Bg7 21.d6 Qd7 22.Rd5 Rad8
23.Rad1 Rfe8 24.Qe3 f5 25.Nc5 Qf7 26.d7 Re7 27.Qd2 e4 28.Qa5 Qf8 29.Nb7 Rdxd7
30.Rxd7  1-0

[Event "7th Open"]
[Site "Izmir TUR"]
[Date "2008.09.07"]
[Round "10"]
[White "Soozankar,A"]
[Black "Annaberdiev,M"]
[Result "1/2-1/2"]
[WhiteElo "2225"]
[BlackElo "2444"]

1.e4 c5 2.Nf3 d6 3.Bb5+ Nd7 4.O-O Nf6 5.Re1 a6 6.Bf1 e5 7.c3 Be7 8.d4 O-O
9.b3 Re8 10.Bb2 cxd4 11.cxd4 Bf8 12.dxe5 dxe5 13.Nxe5 Nxe5 14.Qxd8 Rxd8 15.Bxe5 Ng4
16.Bg3 Bb4 17.Rc1 Be6 18.a3 Be7 19.Nc3 Bxb3 20.Rab1 Bxa3 21.Re1 Be6 22.Rxb7 Nf6
23.Na4 Rd2 24.Nb6 Rad8 25.Nc4 Ra2 26.Nxa3 Rxa3 27.Ra7 Ra4 28.f3 Bc4 29.Bxc4 Rxc4
30.Rxa6 Rc2 31.Rea1 h6 32.Ra8 Rxa8 33.Rxa8+ Kh7 34.Ra1 Kg6 35.Kf1 Nd7 36.Rd1 Nf8
37.Re1 Ne6 38.Re2 Rc1+ 39.Kf2 f5 40.Be5 fxe4 41.fxe4 Rc4 42.Ke3 Nc5 43.Bd4 Nb3
44.Ba7 Ra4 45.Bb8 Nc5 46.Kf3 Ne6 47.Re3 Ra2 48.h4 Kh5 49.Kg3 g5 50.hxg5 hxg5
51.Bd6 Rd2 52.Be5 Nc5 53.Bb8 Rc2 54.Kh3 g4+ 55.Kg3 Rc3 56.Rxc3 Nxe4+ 57.Kf4 Nxc3
58.g3  1/2-1/2

[Event "61st ch-RUS HL"]
[Site "Novokuznetsk RUS"]
[Date "2008.09.07"]
[Round "5"]
[White "Malakhov,V"]
[Black "Kokarev,Dm"]
[Result "1/2-1/2"]
[WhiteElo "2689"]
[BlackElo "2582"]

1.e4 c5 2.Nf3 d6 3.Bb5+ Bd7 4.Bxd7+ Qxd7 5.c4 Nf6 6.Nc3 g6 7.d4 cxd4 8.Nxd4 Bg7
9.h3 O-O 10.Be3 Rc8 11.b3 a6 12.a4 Nc6 13.O-O Qd8 14.Qd2 Qa5 15.Rfd1 Nd7
16.Rab1 Rab8 17.Rdc1 Qb4 18.Qd1 Qa5 19.Nde2 Nc5 20.f3 Qd8 21.Kh1 Qf8 22.Nd5 a5
23.Qd2 e6 24.Ndc3 Rd8 25.Rd1 Nb4 26.Bd4 Bh6 27.Be3 Bg7 28.Nf4 Be5 29.Na2 Nc6
30.Nd3 b6 31.Nc3 Rb7 32.Nb5 Bf6 33.Bh6 Qe7 34.Nf2 Bh4 35.Be3 h5 36.Nd3 Bf6
37.Qf2 Rbd7 38.Nd4 Nxd4 39.Bxd4 Bxd4 40.Qxd4 Qg5 41.Rb2 Kh7 42.Re2 Kg8 43.Qb2 Qh6
44.Red2 Qg7 45.e5 dxe5 46.Nxc5 Rxd2 47.Rxd2 Rxd2 48.Qxd2 bxc5 49.Qxa5 e4
50.Qa8+ Kh7 51.Qxe4 Qc3 52.Qf4 Kg7 53.Qb8 e5 54.Qd6 Qe3 55.Qd1 Qc3 56.Qg1 Qxb3
57.Qxc5 Qc3 58.Kh2 h4 59.a5 e4 60.a6 exf3 61.a7 Qe1 62.Qd4+ f6 63.Qf4 f2
64.Qc7+ Kh6 65.Qf4+ Kg7 66.Qc7+ Kh6 67.Qf4+  1/2-1/2

[Event "1st Women It"]
[Site "Tashkent UZB"]
[Date "2008.09.07"]
[Round "3"]
[White "Muminova,N"]
[Black "Gevorgyan,I"]
[Result "0-1"]
[WhiteElo "2242"]
[BlackElo "2154"]

1.e4 c5 2.Nf3 d6 3.Bb5+ Bd7 4.Bxd7+ Nxd7 5.O-O Ngf6 6.Qe2 e6 7.b3 Be7 8.Bb2 O-O
9.d3 b5 10.Nbd2 Qc7 11.Ne1 Nb6 12.c4 a6 13.Rc1 Nbd7 14.f4 Nb8 15.g4 Nc6 16.g5 Nd7
17.Rf3 Nd4 18.Bxd4 cxd4 19.Rh3 Rfe8 20.Ndf3 d5 21.e5 Rac8 22.Rc2 dxc4 23.bxc4 Qb6
24.Qe4 Nf8 25.cxb5 Rxc2 26.Nxc2 Qxb5 27.Nfxd4 Qb1+ 28.Kg2 Rc8 29.Re3 Rxc2+
30.Nxc2 Qxc2+ 31.Re2 Qc1 32.Qc4 Qd1 33.Rf2 Ng6 34.h3 Nh4+ 35.Kh2 g6 36.Qxa6 Kg7
37.Qc4 Qe1 38.Qc2 Nf5 39.Qd2 Qb1 40.Qe2 Bc5 41.Rf1 Qb4 42.h4 Nxh4 43.Kh3 Nf5
44.Qe4 Qd2 45.Qf3 Qxa2 46.Rc1 Bb6 47.Rc8 Qd2 48.Rb8 Bg1 49.Qg2 Qxd3+  0-1

[Event "SuperLiga-ROM"]
[Site "Eforie Nord ROM"]
[Date "2008.09.08"]
[Round "8"]
[White "Nevednichy,V"]
[Black "Baratosi,D"]
[Result "1-0"]
[WhiteElo "2577"]
[BlackElo "2433"]

1.e4 c5 2.Nf3 d6 3.Bb5+ Bd7 4.Bxd7+ Qxd7 5.O-O Nf6 6.Qe2 Nc6 7.c3 e6 8.d4 cxd4
9.cxd4 d5 10.e5 Ne4 11.Be3 Be7 12.Ne1 f5 13.f3 Ng5 14.Nd3 O-O 15.h4 Nf7 16.Bf2 Rac8
17.Nc3 Nb4 18.Nf4 Rc4 19.Rad1 Nh8 20.a3 Na6 21.Rd3 Rfc8 22.Qe3 Ng6 23.Nxg6 hxg6
24.g3 Kf7 25.Kg2 Qc6 26.Be1 Qb6 27.Rf2 Nc7 28.Kh3 Rh8 29.f4 a5 30.Kg2 a4
31.Rfd2 Rc8 32.Qf3 Nb5 33.Ne2 Rc2 34.h5 Rxd2 35.hxg6+ Ke8 36.Rxd2 Rc4 37.Bf2 Qc6
38.Qd3 Kd8 39.g4 fxg4 40.Kg3 Nc7 41.Kxg4 b5 42.Bh4 Bxh4 43.Kxh4 Qe8 44.Kg4 Na6
45.Rc2 Nb8 46.Nc3 b4 47.Ne2 Rxc2 48.Qxc2 b3 49.Qd3 Nc6 50.f5 Ne7 51.fxe6 Qc6
52.Nf4 Kc8 53.Kf3 Qc4 54.Ke2 Nf5 55.Qxc4+ dxc4 56.Kd2 Nxd4 57.Kc3 Nb5+ 58.Kxc4 Nxa3+
59.Kb4 Nc2+ 60.Kxa4  1-0

[Event "3rd PGMA Cup"]
[Site "Manila PHI"]
[Date "2008.09.08"]
[Round "2"]
[White "Nouri,H"]
[Black "Ghaem Maghami,E"]
[Result "0-1"]
[WhiteElo "2363"]
[BlackElo "2597"]

1.e4 c5 2.Nf3 d6 3.Bb5+ Nc6 4.O-O Bd7 5.Re1 Nf6 6.c3 a6 7.Bf1 Bg4 8.h3 Bh5
9.d3 e6 10.Nbd2 Be7 11.g4 Bg6 12.Bg2 Nd7 13.Nc4 O-O 14.Bf4 b5 15.Ne3 h6 16.Bg3 Nb6
17.Qe2 Re8 18.Rad1 d5 19.exd5 exd5 20.d4 cxd4 21.cxd4 Bb4 22.Rf1 Bd6 23.Qd2 Be4
24.b3 Rc8 25.Bxd6 Qxd6 26.Nh4 Bxg2 27.Kxg2 g6 28.Rfe1 Re4 29.Nf1 Kh7 30.Nf3 Nb4
31.Rc1 Rxe1 32.Nxe1 Rxc1 33.Qxc1 Nxa2 34.Qe3 Nb4 35.Nf3 Qe6 36.Qf4 Nc6 37.Ne3 Nc8
38.h4 N8e7 39.Ne5 Nxe5 40.Qxe5 Qxe5 41.dxe5 d4 42.Nf1 Nc6 43.f4 a5 44.Nd2 g5
45.hxg5 hxg5 46.Kf3 gxf4 47.Kxf4 a4 48.bxa4 bxa4 49.Nc4 d3 50.Ke3 Nxe5 51.Na3 Kg6
52.Nb1 Kg5 53.Kd4 a3  0-1

[Event "3rd PGMA Cup"]
[Site "Manila PHI"]
[Date "2008.09.08"]
[Round "2"]
[White "Nguyen Anh Dung"]
[Black "Zhang Zhong"]
[Result "1/2-1/2"]
[WhiteElo "2499"]
[BlackElo "2632"]

1.e4 c5 2.Nf3 d6 3.Bb5+ Nd7 4.d4 cxd4 5.Qxd4 a6 6.Bxd7+ Bxd7 7.O-O Rc8 8.Nc3 Bg4
9.Qd3 g6 10.Nd4 Bg7 11.Nd5 Nf6 12.Re1 Nxd5 13.exd5 O-O 14.c3 Re8 15.h3 Bd7
16.Bg5 Qb6 17.Nb3 e5 18.dxe6 fxe6 19.Be3 Qc7 20.Rad1 d5 21.Qd2 Ba4 22.Bh6 Bh8
23.Bf4 Qc4 24.Be5 Bxe5 25.Rxe5 Bxb3 26.axb3 Qxb3 27.Rde1 Qb6  1/2-1/2

[Event "3rd PGMA Cup"]
[Site "Manila PHI"]
[Date "2008.09.08"]
[Round "3"]
[White "Gomez,Joh"]
[Black "Li Chao2"]
[Result "1/2-1/2"]
[WhiteElo "2457"]
[BlackElo "2590"]

1.e4 c5 2.Nf3 d6 3.Bb5+ Nd7 4.d4 Nf6 5.Nc3 cxd4 6.Qxd4 a6 7.Bxd7+ Bxd7 8.Bg5 Bc6
9.Bxf6 gxf6 10.O-O-O e6 11.Rhe1 Be7 12.Kb1 Rg8 13.g3 Qc7 14.Qe3 b5 15.Qh6 O-O-O
16.Qxh7 Rdf8 17.Qh3 f5 18.Nd4 Rh8 19.Qf1 Bxe4 20.Nxe4 fxe4 21.Rxe4 Rxh2 22.Re3 Qb6
23.Rc3+ Kd7 24.Rc6 Qb7 25.Nf3 Kxc6 26.Nxh2 Kd7 27.Qd3 Rh8 28.Ng4 Rh1 29.a3 f5
30.Ne5+ Ke8  1/2-1/2

[Event "61st ch-RUS HL"]
[Site "Novokuznetsk RUS"]
[Date "2008.09.08"]
[Round "6"]
[White "Chadaev,N"]
[Black "Amonatov,F"]
[Result "1/2-1/2"]
[WhiteElo "2535"]
[BlackElo "2650"]

1.e4 c5 2.Nf3 d6 3.Bb5+ Bd7 4.Bxd7+ Qxd7 5.c4 Nc6 6.d4 cxd4 7.Nxd4 Nf6 8.Nc3 g6
9.h3 Bg7 10.Be3 O-O 11.O-O a6 12.a4 Rac8 13.b3 e6 14.Rc1 Rfe8 15.Re1 Qc7
16.Re2 Nd7 17.Nxc6 bxc6 18.Rd2 Bf8 19.b4 Nb6 20.Ne2 Nd7 21.Bf4 e5 22.Be3 Qb7
23.Rb1 a5 24.bxa5 Qa6 25.c5 Nxc5 26.Bxc5 dxc5 27.Rd7 Qxa5 28.Ng3 Rcd8 29.Nf1 c4
30.Ne3 c3 31.Rbb7 Rxd7 32.Rxd7 Qb4 33.a5 Qxa5 34.Qb3 Be7 35.Rd3 Qb4 36.Rxc3 Qxb3
37.Rxb3 Bc5 38.Nc4 Bd4 39.Rb7 Ra8 40.Nd6 Ra1+ 41.Kh2 Bxf2 42.Nxf7 Ra7 43.Rxa7 Bxa7
44.Nd6 Kf8 45.Kg3 Bd4 46.Kg4 Ke7 47.Nc4 Kf6 48.Na5 c5 49.Nc4 h6 50.Kf3 Ke7
51.Ke2 Ke6 52.Nd2 Bc3 53.Nc4 Bd4 54.Nd2 Bc3 55.Nc4 Bd4 56.Nd2 Bc3  1/2-1/2